00510nam a2200205Ia 4500008004100000020001800041050001400059100001900073245001800092245003300110245002200143260001500165260001600180260000900196300001500205300002700220300001100247440003700258500000900295170918s9999 xx 000 0 und d a9780439860574 bJ528 2006 aJenkins, Steve aAlmost gone : bthe world's rarest animals / cby Steve Jenkins. aNew York : bScholastic, c2006 a33 pages : bcolored illustration ; c23 cm. aLet's-read-and-find-out science. a1020